Опыт применения беспилотных летательных аппаратов для целей мониторинга земель, занятых полигонами ТКО; Проблемы геологии и освоения недр; Т. 1

Podrobná bibliografie
Parent link:Проблемы геологии и освоения недр=Problems of Geology and Subsurface Development: труды XXVIII Международного молодежного научного симпозиума имени академика М.А. Усова, посвященного 125-летию со дня рождения академика Академии наук СССР, профессора К.И. Сатпаева и 130-летию со дня рождения члена-корреспондента Академии наук СССР, профессора Ф.Н. Шахова, 1-5 апреля 2024 г., г. Томск/ Национальный исследовательский Томский политехнический университет, Инженерная школа природных ресурсов ; гл. ред. А. С. Боев ; под ред. Е. Ю. Пасечник.— .— Томск: Изд-во ТПУ, 2024
Т. 1.— 2024.— С. 140-141
Korporativní autor: Национальный исследовательский Томский политехнический университет (570)
Další autoři: Власова А. Е. (научный руководитель), Хайдарова А. О., Студенкова Н. А., Козина М. В. Мария Викторовна
Shrnutí:Заглавие с экрана
Текстовый файл
Jazyk:ruština
Vydáno: 2024
Edice:Гидрогеология, инженерная геология и землеустройство
Témata:
On-line přístup:http://earchive.tpu.ru/handle/11683/81493
Médium: MixedMaterials Elektronický zdroj Kapitola
KOHA link:https://koha.lib.tpu.ru/cgi-bin/koha/opac-detail.pl?biblionumber=676637

MARC

LEADER 00000naa2a2200000 4500
001 676637
005 20241128095029.0
090 |a 676637 
100 |a 20241115d2024 k||y0rusy50 ca 
101 0 |a rus 
102 |a RU 
135 |a drcn ---uucaa 
200 1 |a Опыт применения беспилотных летательных аппаратов для целей мониторинга земель, занятых полигонами ТКО  |f Власова А. Е., Хайдарова А. О., Студенкова Н. А., Козина М. В. 
225 1 |a Гидрогеология, инженерная геология и землеустройство 
300 |a Заглавие с экрана 
320 |a Литература: 2 назв. 
336 |a Текстовый файл 
461 1 |0 676173  |9 676173  |t Проблемы геологии и освоения недр  |l Problems of Geology and Subsurface Development  |o труды XXVIII Международного молодежного научного симпозиума имени академика М.А. Усова, посвященного 125-летию со дня рождения академика Академии наук СССР, профессора К.И. Сатпаева и 130-летию со дня рождения члена-корреспондента Академии наук СССР, профессора Ф.Н. Шахова, 1-5 апреля 2024 г., г. Томск  |f Национальный исследовательский Томский политехнический университет, Инженерная школа природных ресурсов ; гл. ред. А. С. Боев ; под ред. Е. Ю. Пасечник  |c Томск  |d 2024  |n Изд-во ТПУ 
463 1 |0 676178  |9 676178  |t Т. 1  |d 2024  |v С. 140-141  |u conference_tpu-2024-C11_V1.pdf 
610 1 |a труды учёных ТПУ 
610 1 |a электронный ресурс 
610 1 |a отходы производства 
610 1 |a твердые коммунальные отходы 
610 1 |a ТКО 
610 1 |a полигоны 
610 1 |a мониторинг земель 
610 1 |a беспилотные летательные аппараты 
610 1 |a БПЛА 
701 1 |a Власова  |b А. Е. 
701 1 |a Хайдарова  |b А. О. 
701 1 |a Студенкова  |b Н. А. 
701 1 |a Козина  |b М. В.  |c геолог  |c доцент Томского политехнического университета, кандидат технических наук  |f 1986-  |g Мария Викторовна  |9 18851 
702 1 |4 727 
712 0 2 |a Национальный исследовательский Томский политехнический университет  |c (2009- )  |9 26305  |4 570 
801 0 |a RU  |b 63413507  |c 20241115  |g RCR 
850 |a 63413507 
856 4 |u http://earchive.tpu.ru/handle/11683/81493  |z http://earchive.tpu.ru/handle/11683/81493 
942 |c CF